SR v európskej dopravnej politike bakalárska práca

Guardado en:
Detalles Bibliográficos
Autor principal: Špircová, Veronika
Autor Corporativo: Fakulta podnikového manažmentu EU. Katedra manažmentu výroby a logistiky - zrušená
Otros Autores: Polačko, Vladimír
Formato: Libro
Lenguaje:eslovaco
Publicado: Bratislava 2012
Etiquetas: Agregar Etiqueta
Sin Etiquetas, Sea el primero en etiquetar este registro!

MARC

LEADER 00000nbm a2200000 4500
001 0154140
005 20161109111823.2
041 0 |a slo 
044 |a SK 
245 1 0 |a SR v európskej dopravnej politike  |b bakalárska práca  |c Veronika Špircová ; školiteľ: Vladimír Polačko 
264 1 |a Bratislava  |c 2012 
300 |a 42 s. 
100 1 |a Špircová, Veronika 
700 1 |a Polačko, Vladimír 
710 2 |a Fakulta podnikového manažmentu EU. Katedra manažmentu výroby a logistiky - zrušená